Giovani caregiver. (Record n. 360689)
[ formato base ]
| 000 -LEADER | |
|---|---|
| campo di controllo lung. fissa | 01644nam a22002057a 4500 |
| 003 - Identificatore del numero di controllo | |
| campo di controllo | IT-MiCISF |
| 005 - Data e orario dell'ultima transazione | |
| campo di controllo | 20251212154158.0 |
| 008 - Elementi di lunghezza fissa--Informazione generale | |
| campo di controllo lung. fissa | 251212b |||||||| |||| 00| 0 eng d |
| 020 ## - ISBN (International Standard Book Number) | |
| ISBN (International Standard Book Number) | 9788891675477 |
| 040 ## - Fonte della catalogazione | |
| Agenzia che fa la trascrizione | IT-MiCISF |
| 100 ## - Accesso principale -- nome di persona | |
| Nome di persona | Boccaletti Licia |
| 9 (RLIN) | 62892 |
| 245 ## - Formulazione del titolo | |
| Titolo | Giovani caregiver. |
| Complemento del titolo | Sostenere gli adolescenti con responsabilità di cura familiare |
| 260 ## - Pubblicazione, distribuzione, ecc. (stampa) | |
| Luogo di pubblicazione, distribuzione, ecc. | Santa'Arcangelo di Romagna (RN), |
| Nome dell'editore, distributore, ecc. | Maggioli, |
| Data di pubblicazione, distribuzione, ecc. | 2025 |
| 300 ## - Descrizione fisica | |
| Estensione | pp. 119 |
| 500 ## - Nota generale | |
| Nota generale | famiglia, cura, malato-in-famiglia, figli-adolescenti, salute, servizi |
| 520 ## - Riassunto, ecc. | |
| Nota di riassunto, ecc. | A prendersi cura in ambito familiare non sono sempre e solo gli adulti: molto più spesso di quanto si creda, bambini e adolescenti sono coinvolti nell’assistenza a un proprio caro fragile o non autosufficiente.<br/>Secondo gli studi più recenti, l’8% di tutti i bambini e gli adolescenti europei presta cure, assistenza o sostegno a un familiare o un amico con una malattia cronica, una disabilità, una fragilità o una dipendenza, assumendosi livelli di responsabilità che di solito si associano a un adulto.<br/>Cosa significa essere caregiver in adolescenza? Che sfida comporta? Che ruolo possono svolgere i professionisti che incontrano questi ragazzi per sostenerli ed accompagnarli in questo percorso e limitarne gli impatti negativi?<br/>Questo volume, che sintetizza le migliori pratiche nazionali ed internazionali, si rivolge ad assistenti sociali, educatori, psicologi, insegnanti, ma anche a genitori e volontari che vogliano capire come riconoscere e supportare gli adolescenti con responsabilità di cura.<br/> |
| 650 ## - Accesso aggiunto di soggetto--termine topico | |
| Termine topico o nome geografico come accesso | Famiglia |
| 654 ## - Accesso aggiunto di soggetto--termini topici faccettati | |
| Termine principale | saggio |
| 942 ## - Dati aggiuntivi (Koha) | |
| Fonte della classificazione o dello schema di collocazione (segnatura) | Dewey Decimal Classification |
| Tipo copia default (Koha) | LIBRO |
| Ritirato (status) | Perso (status) | Fonte della classificazione o dello schema di collocazione (segnatura) | Danneggiato (status) | Non per il presito | Biblioteca proprietaria | Biblioteca in cui si trova | Data d'acquisizione | Totale prestiti | Collocazione | Codice a barre | Data ultima operazione | Prezzo in vigore dal | Tipo copia default (Koha) |
|---|---|---|---|---|---|---|---|---|---|---|---|---|---|
| Dewey Decimal Classification | Buone Condizioni | Not For Loan | CISF - Milano | CISF - Milano | 12/12/2025 | A2507 | 9788891675477 | 12/12/2025 | 12/12/2025 | LIBRO |